000
00339 a2200157 4500
001
152306
040
_c
Escola São Tomás de Aquino
100
_a
DUPRÉ, Maria José
240
1
0
_a
Éramos seis
_l
por
245
1
0
_a
Éramos seis
300
_a
190
362
0
_a
2005
440
1
_a
Ática
697
_a
*LITERATURA JUVENIL
942
_c
BK
999
_c
152306
_d
152306